[Event "Wch Juvenil 2013 sub-18 femenino"]
[Site "Al-Ain UAE"]
[Date "2014.12.18"]
[Round "1.42"]
[White "Jaramillo Arce, Katherine"]
[Black "Nguyen, Thi Thuy Trien"]
[Result "0-1"]
[WhiteElo "1850"]
[BlackElo "1945"]
[PlyCount "94"]
[EventDate "2013.12.19"]
[EventType "swiss"]
[EventRounds "11"]
[EventCountry "UAE"]
[Source "lmi"]
[SourceDate "2013.12.18"]

1. d4 d5 2. Nf3 Nf6 3. c4 e6 4. cxd5 exd5 5. Nc3 c6 6. Bg5 Be7 7. Qc2 Be6 8. e3
Nbd7 9. Bd3 h6 10. Bh4 Nh5 11. Bxe7 Qxe7 12. h3 g5 13. O-O-O O-O-O 14. Kb1 Kb8
15. Rc1 Ng7 16. Qb3 Bf5 17. Bxf5 Nxf5 18. Na4 Ka8 19. Nc5 Nxc5 20. Rxc5 Nd6 21.
Ka1 Ne4 22. Ra5 Qc7 23. Qa3 b6 24. Ra6 f6 25. Rc1 Qb7 26. Rc2 Nd6 27. Qd3 Nc4
28. Ra4 Qe7 29. b3 b5 30. bxc4 bxa4 31. cxd5 cxd5 32. Qa6 Rb8 33. Nd2 Rb4 34.
Qa5 Qd6 35. Rc7 a6 36. Rc5 Rhb8 37. Rxd5 Qb6 38. Qxb6 R4xb6 39. Ra5 Rc8 40. Rc5
Rxc5 41. dxc5 Rc6 42. Kb2 Rxc5 43. Ne4 Rc6 44. g4 Kb7 45. Ka3 Rc1 46. f3 Rc2
47. Nxf6 Rh2 0-1

[Event "Wch Juvenil 2013 sub-18 femenino"]
[Site "Al-Ain UAE"]
[Date "2014.12.19"]
[Round "2.41"]
[White "Barbier, Astrid"]
[Black "Jaramillo Arce, Katherine"]
[Result "0-1"]
[WhiteElo "1789"]
[BlackElo "1850"]
[PlyCount "56"]
[EventDate "2013.12.19"]
[EventType "swiss"]
[EventRounds "11"]
[EventCountry "UAE"]
[Source "lmi"]
[SourceDate "2013.12.18"]

1. e4 c5 2. c4 Nc6 3. Nc3 g6 4. g3 Bg7 5. Bg2 e6 6. Nge2 Nge7 7. O-O a6 8. a3
O-O 9. d3 d6 10. Rb1 b5 11. cxb5 axb5 12. Nxb5 Rb8 13. Nbc3 Ba6 14. f4 Nd4 15.
Be3 Nec6 16. h3 Qa5 17. f5 Nxe2+ 18. Qxe2 Bxc3 19. bxc3 Rxb1 20. Rxb1 Qxc3 21.
Bf1 Ne5 22. Rd1 exf5 23. exf5 Rb8 24. Bc1 Rb3 25. f6 Bxd3 26. Qg2 Qd4+ 27. Kh2
d5 28. Rd2 Qe4 0-1

[Event "Wch Juvenil 2013 sub-18 femenino"]
[Site "Al-Ain UAE"]
[Date "2014.12.20"]
[Round "3.31"]
[White "Jaramillo Arce, Katherine"]
[Black "Foster, Chantelle L"]
[Result "1-0"]
[WhiteElo "1850"]
[BlackElo "1901"]
[PlyCount "135"]
[EventDate "2013.12.19"]
[EventType "swiss"]
[EventRounds "11"]
[EventCountry "UAE"]
[Source "lmi"]
[SourceDate "2013.12.18"]

1. d4 d5 2. Nf3 Nf6 3. c4 c6 4. Nc3 dxc4 5. a4 Bf5 6. Ne5 Nbd7 7. Nxc4 Nb6 8.
Ne3 Bg6 9. a5 Nbd5 10. g3 e6 11. Bg2 Bb4 12. Nexd5 exd5 13. Qa4 Qe7 14. O-O O-O
15. Bg5 Bxc3 16. bxc3 Qxe2 17. Bxf6 gxf6 18. Qb4 Qd3 19. Qxb7 Qxc3 20. Rfc1
Qxd4 21. Qxc6 Be4 22. Ra4 Qb2 23. Bxe4 dxe4 24. Rxe4 Rad8 25. Rce1 Rc8 26. Rg4+
Kh8 27. Qe4 Rg8 28. Rh4 Rg7 29. Qe7 Qc3 30. Re3 Qc7 31. Qxf6 Qc1+ 32. Kg2 Qc6+
33. Rf3 Qxf6 34. Rxf6 Rc7 35. a6 Kg8 36. Rb4 Rc8 37. Rc6 Rd8 38. Rb7 f5 39.
Rxg7+ Kxg7 40. Rc7+ Kg6 41. Rxa7 Rd4 42. Rb7 Ra4 43. a7 Ra3 44. h3 h6 45. g4
fxg4 46. hxg4 h5 47. gxh5+ Kxh5 48. f3 Kh4 49. Rg7 Ra2+ 50. Kf1 Kh5 51. Ke1 Kh6
52. Rc7 Kg5 53. Kd1 Kf4 54. Rf7+ Ke5 55. Kc1 Ke6 56. Kb1 Ra5 57. Rh7 Kd6 58.
Kc2 Ra1 59. Kd3 Ra4 60. Kc3 Kc5 61. f4 Kd6 62. Kb3 Ra1 63. Kb4 Ke6 64. Kb5 Kf5
65. Kb6 Rb1+ 66. Kc7 Ra1 67. Kb8 Kg6 68. Rb7 1-0

[Event "Wch Juvenil 2013 sub-18 femenino"]
[Site "Al-Ain UAE"]
[Date "2014.12.20"]
[Round "3.39"]
[White "Xiao, Alice Huanyi"]
[Black "Senarath, Kavindi"]
[Result "1-0"]
[WhiteElo "1874"]
[BlackElo "1617"]
[PlyCount "79"]
[EventDate "2013.12.19"]
[EventType "swiss"]
[EventRounds "11"]
[EventCountry "UAE"]
[Source "lmi"]
[SourceDate "2013.12.18"]

1. e4 e6 2. d4 d5 3. Nd2 c5 4. exd5 exd5 5. Ngf3 Bg4 6. h3 Bh5 7. Bb5+ Nc6 8.
dxc5 Bxc5 9. O-O Nge7 10. Nb3 Bb6 11. Re1 O-O 12. Be3 Bxe3 13. Rxe3 Rc8 14. c3
Qd6 15. Be2 Rfd8 16. Nfd4 Bg6 17. Bg4 f5 18. Bf3 Bf7 19. Qe1 Re8 20. Rd1 Rcd8
21. Ne6 Bxe6 22. Rxe6 Qb8 23. Bh5 g6 24. Bf3 Kf7 25. Qe3 f4 26. Qe2 Qc8 27. Re1
Nf5 28. Bxd5 Kf8 29. Qf3 Qc7 30. Bxc6 bxc6 31. Nc5 Kf7 32. Qe4 Qc8 33. Qxf4
Rxe6 34. Nxe6 Qxe6 35. Rxe6 Kxe6 36. Qc7 Rd7 37. Qxc6+ Ke7 38. Qc5+ Kf7 39.
Qc4+ Kg7 40. Qe2 1-0

[Event "Wch Juvenil 2013 sub-18 femenino"]
[Site "Al-Ain UAE"]
[Date "2014.12.21"]
[Round "4.22"]
[White "Saranya, J."]
[Black "Jaramillo Arce, Katherine"]
[Result "1-0"]
[WhiteElo "2057"]
[BlackElo "1850"]
[PlyCount "53"]
[EventDate "2013.12.19"]
[EventType "swiss"]
[EventRounds "11"]
[EventCountry "UAE"]
[Source "lmi"]
[SourceDate "2013.12.18"]

1. e4 c5 2. Nf3 d6 3. Bb5+ Bd7 4. Bxd7+ Qxd7 5. c4 Nc6 6. Nc3 g6 7. d4 cxd4 8.
Nxd4 Bg7 9. Be3 Ne5 10. b3 Nf6 11. h3 a6 12. O-O Rc8 13. Rc1 O-O 14. f4 Nc6 15.
Nf3 h6 16. Re1 Qe6 17. Qd3 Nb4 18. Qb1 b5 19. Nd4 Qd7 20. cxb5 axb5 21. Ndxb5
Qb7 22. a3 Na6 23. Bf2 Nc5 24. a4 Nfd7 25. Nd5 Rfe8 26. Nxe7+ Rxe7 27. Nxd6 1-0

[Event "Wch Juvenil 2013 sub-18 femenino"]
[Site "Al-Ain UAE"]
[Date "2014.12.21"]
[Round "4.36"]
[White "De Silva, Shelani"]
[Black "Durmaz, Ayca Fatma"]
[Result "0-1"]
[WhiteElo "1633"]
[BlackElo "1799"]
[PlyCount "66"]
[EventDate "2013.12.19"]
[EventType "swiss"]
[EventRounds "11"]
[EventCountry "UAE"]
[Source "lmi"]
[SourceDate "2013.12.18"]

1. e4 c5 2. Nf3 Nc6 3. d4 cxd4 4. Nxd4 Nf6 5. Nc3 e6 6. Ndb5 Bb4 7. a3 Bxc3+ 8.
Nxc3 d5 9. exd5 exd5 10. Bd3 d4 11. Ne2 O-O 12. O-O Qd5 13. Nf4 Qd6 14. Nh5
Nxh5 15. Qxh5 h6 16. Bd2 Bd7 17. Rad1 Qf6 18. f4 Ne7 19. Kh1 Nf5 20. c3 Ne3 21.
Bxe3 dxe3 22. Bh7+ Kxh7 23. Rxd7 Rae8 24. Qe2 Re7 25. Rd3 Rfe8 26. Rf3 Qa6 27.
h3 Re4 28. Kh2 Qc4 29. Kg1 f5 30. Kf1 Rxf4 31. Rdxe3 Rxe3 32. Qxc4 Rexf3+ 33.
gxf3 Rxc4 0-1

[Event "Wch Juvenil 2013 sub-18 femenino"]
[Site "Al-Ain UAE"]
[Date "2014.12.22"]
[Round "5.13"]
[White "Tran, My Linh"]
[Black "Michelle Catherina, P."]
[Result "1-0"]
[WhiteElo "2061"]
[BlackElo "2137"]
[PlyCount "127"]
[EventDate "2013.12.19"]
[EventType "swiss"]
[EventRounds "11"]
[EventCountry "UAE"]
[Source "lmi"]
[SourceDate "2013.12.18"]

1. e4 e5 2. Nf3 Nc6 3. Bc4 Nf6 4. d3 Bc5 5. c3 O-O 6. Nbd2 d5 7. exd5 Nxd5 8.
O-O Nb6 9. Bb5 Bd6 10. Ne4 Bg4 11. h3 Bh5 12. Re1 f6 13. Ng3 Bf7 14. Nf5 Ne7
15. Nxd6 cxd6 16. d4 Qc7 17. Bd2 Rac8 18. Bd3 Bg6 19. Qc2 Kh8 20. Rac1 Nc4 21.
Bxg6 Nxg6 22. b3 Nxd2 23. Qxd2 Nf4 24. c4 Qf7 25. Kh2 Rcd8 26. Rcd1 Qg6 27. g3
Ne6 28. d5 Nc5 29. b4 Nd7 30. Qe3 b6 31. Rc1 h6 32. g4 Qh7 33. Nh4 g6 34. Qd3
Rg8 35. Rg1 Rdf8 36. Rg3 Re8 37. Re1 Qf7 38. Qe3 Kh7 39. Qd3 Qe7 40. Ng2 Ref8
41. f4 Qf7 42. f5 g5 43. a4 Kg7 44. Ne3 Rh8 45. Nd1 h5 46. Kg2 Rh6 47. Nf2 Rfh8
48. Ne4 Qe7 49. Kf3 hxg4+ 50. hxg4 Kf8 51. Qa3 Rh3 52. Reg1 Rxg3+ 53. Rxg3 Qh7
54. Qc1 Qh2 55. c5 bxc5 56. bxc5 dxc5 57. Nxc5 e4+ 58. Nxe4 Rh3 59. Qc8+ Ke7
60. d6+ Kf7 61. Qxd7+ Kf8 62. Qe7+ Kg8 63. Nxf6+ Kh8 64. Qf8# 1-0

[Event "Wch Juvenil 2013 sub-18 femenino"]
[Site "Al-Ain UAE"]
[Date "2014.12.22"]
[Round "5.30"]
[White "Jaramillo Arce, Katherine"]
[Black "Machlik, Edit"]
[Result "1/2-1/2"]
[WhiteElo "1850"]
[BlackElo "1855"]
[PlyCount "132"]
[EventDate "2013.12.19"]
[EventType "swiss"]
[EventRounds "11"]
[EventCountry "UAE"]
[Source "lmi"]
[SourceDate "2013.12.18"]

1. d4 d5 2. Nf3 Nf6 3. c4 dxc4 4. Nc3 c6 5. a4 Nd5 6. a5 Nxc3 7. bxc3 Bf5 8.
Ne5 Nd7 9. Nxc4 Qc7 10. g3 g6 11. Bg2 Bg7 12. e4 Be6 13. Bf4 Qc8 14. Ne3 O-O
15. O-O Nf6 16. Be5 Rd8 17. Qa4 Bh3 18. Bxh3 Qxh3 19. Bxf6 Bxf6 20. e5 Bg7 21.
Qb4 Rd7 22. Qc4 Rc8 23. Qc5 Qe6 24. Rfb1 Ra8 25. Rb2 Rc7 26. Rab1 Qd7 27. Rb3
Bf8 28. Nc4 Rd8 29. Qa3 c5 30. dxc5 Qd5 31. Ne3 Qxe5 32. Rxb7 Rxc5 33. Rxa7
Rxc3 34. Qb2 Bg7 35. Qb6 Rdc8 36. Rd1 Qe4 37. Rd8+ Bf8 38. Rxc8 Rxc8 39. Rc7
Rd8 40. a6 Bh6 41. Qb7 Qa4 42. Rc8 Rxc8 43. Qxc8+ Kg7 44. Qb7 Bxe3 45. fxe3
Qd1+ 46. Kf2 Qc2+ 47. Kf3 Qf5+ 48. Kg2 Qc2+ 49. Kh3 Qf5+ 50. g4 Qf1+ 51. Kg3 e5
52. Qb6 Qg1+ 53. Kf3 Qh1+ 54. Ke2 Qg2+ 55. Kd3 Qf1+ 56. Ke4 Qg2+ 57. Kxe5 Qxh2+
58. Kd5 Qa2+ 59. Kc6 Qe6+ 60. Kb7 Qe7+ 61. Kb8 Qe8+ 62. Ka7 Qe7+ 63. Kb8 Qe8+
64. Kb7 Qe7+ 65. Kc6 Qe6+ 66. Kb7 Qe7+ 1/2-1/2

[Event "Wch Juvenil 2013 sub-18 femenino"]
[Site "Al-Ain UAE"]
[Date "2014.12.23"]
[Round "6.32"]
[White "Nikolovska, Dragana"]
[Black "Jaramillo Arce, Katherine"]
[Result "1-0"]
[WhiteElo "1876"]
[BlackElo "1850"]
[PlyCount "95"]
[EventDate "2013.12.19"]
[EventType "swiss"]
[EventRounds "11"]
[EventCountry "UAE"]
[Source "lmi"]
[SourceDate "2013.12.18"]

1. e4 c5 2. Nf3 d6 3. c3 Nf6 4. Be2 Nc6 5. d4 cxd4 6. cxd4 Qa5+ 7. Nc3 Nxe4 8.
d5 Nxc3 9. bxc3 Ne5 10. Nxe5 Qxc3+ 11. Bd2 Qxe5 12. O-O Qxd5 13. Bf3 Qb5 14.
Re1 Bf5 15. a4 Qd7 16. Qb3 Rb8 17. Rac1 Be6 18. Qb4 d5 19. Bf4 a5 20. Qb6 Ra8
21. Rc7 Qxa4 22. Qxb7 Rd8 23. Be2 Bd7 24. Rxd7 Qxd7 25. Bb5 e6 26. Qxd5 Bb4 27.
Bxd7+ Rxd7 28. Qa8+ Ke7 29. Qxh8 Bxe1 30. h3 Rd1 31. Kh2 Bxf2 32. Qxg7 Bg1+ 33.
Kg3 Rd3+ 34. Kg4 Rd4 35. Kf3 Rd5 36. Qxh7 Bd4 37. Qc2 Bf6 38. g4 Bh4 39. Bd2
Kf8 40. Qa2 Bd8 41. Be1 Rd3+ 42. Kg2 Rd5 43. h4 Rd4 44. Qa3+ Be7 45. Qf3 a4 46.
Bc3 Rd8 47. h5 a3 48. h6 1-0

[Event "Wch Juvenil 2013 sub-18 femenino"]
[Site "Al-Ain UAE"]
[Date "2014.12.24"]
[Round "7.31"]
[White "Jaramillo Arce, Katherine"]
[Black "El, Kader Maria"]
[Result "1-0"]
[WhiteElo "1850"]
[BlackElo "1619"]
[PlyCount "64"]
[EventDate "2013.12.19"]
[EventType "swiss"]
[EventRounds "11"]
[EventCountry "UAE"]
[Source "lmi"]
[SourceDate "2013.12.18"]

1. d4 Nf6 2. c4 c5 3. d5 b5 4. cxb5 a6 5. b6 Qxb6 6. Nc3 d6 7. Nf3 g6 8. Nd2
Bg7 9. e4 Nbd7 10. Nc4 Qc7 11. a4 Nb6 12. a5 Nxc4 13. Bxc4 Rb8 14. O-O O-O 15.
Qd3 Qa7 16. h3 Ne8 17. Na4 f5 18. Nb6 fxe4 19. Nxc8 Qc7 20. Nxe7+ Qxe7 21. Qe2
Nc7 22. Ra2 Nb5 23. Re1 Qh4 24. Be3 Nd4 25. Qg4 Qf6 26. Qxe4 Rbe8 27. Qd3 Nf5
28. b3 Re5 29. Bxa6 Nh4 30. Qe2 Rfe8 31. Bb5 R8e7 32. a6 Ra7 1-0

[Event "Wch Juvenil 2013 sub-18 femenino"]
[Site "Al-Ain UAE"]
[Date "2014.12.25"]
[Round "8.27"]
[White "Ballantyne, Rochelle"]
[Black "Jaramillo Arce, Katherine"]
[Result "0-1"]
[WhiteElo "1934"]
[BlackElo "1850"]
[PlyCount "42"]
[EventDate "2013.12.19"]
[EventType "swiss"]
[EventRounds "11"]
[EventCountry "UAE"]
[Source "lmi"]
[SourceDate "2013.12.18"]

1. e4 c5 2. Nf3 d6 3. d4 cxd4 4. Nxd4 Nf6 5. Nc3 a6 6. a4 e5 7. Nb3 Be6 8. Be2
Be7 9. O-O Nbd7 10. Be3 Rc8 11. f4 exf4 12. Rxf4 Ne5 13. a5 Nfd7 14. Rf1 O-O
15. Nd4 Nf6 16. Nf5 Bxf5 17. Rxf5 Qd7 18. Qf1 Qe6 19. h3 Rxc3 20. bxc3 Nxe4 21.
Bd3 Nxd3 0-1

[Event "Wch Juvenil 2013 sub-18 femenino"]
[Site "Al-Ain UAE"]
[Date "2014.12.26"]
[Round "9.17"]
[White "Roy, Ali"]
[Black "Utiatskaja, Irina"]
[Result "1-0"]
[WhiteElo "1891"]
[BlackElo "2069"]
[PlyCount "47"]
[EventDate "2013.12.19"]
[EventType "swiss"]
[EventRounds "11"]
[EventCountry "UAE"]
[Source "lmi"]
[SourceDate "2013.12.18"]

1. e4 c5 2. Nf3 Nc6 3. c3 Nf6 4. e5 Nd5 5. d4 cxd4 6. cxd4 d6 7. Bc4 dxe5 8.
dxe5 Ndb4 9. a3 Qxd1+ 10. Kxd1 Na6 11. Bf4 Bg4 12. Nbd2 Rd8 13. b4 Nd4 14. Kc1
Bxf3 15. gxf3 Rc8 16. Kd1 Nc7 17. Rc1 b5 18. Ba2 a6 19. e6 Kd8 20. exf7 Nce6
21. Rxc8+ Kxc8 22. Be5 Kd7 23. Re1 h5 24. Re4 1-0

[Event "Wch Juvenil 2013 sub-18 femenino"]
[Site "Al-Ain UAE"]
[Date "2014.12.26"]
[Round "9.22"]
[White "Jaramillo Arce, Katherine"]
[Black "Kakhramonova, Mokhinur"]
[Result "1/2-1/2"]
[WhiteElo "1850"]
[BlackElo "2004"]
[PlyCount "127"]
[EventDate "2013.12.19"]
[EventType "swiss"]
[EventRounds "11"]
[EventCountry "UAE"]
[Source "lmi"]
[SourceDate "2013.12.18"]

1. d4 d5 2. Nf3 Nf6 3. c4 e6 4. cxd5 exd5 5. Nc3 c6 6. Bg5 Be7 7. Qc2 O-O 8. e3
h6 9. Bxf6 Bxf6 10. Bd3 Be6 11. h3 Nd7 12. g4 c5 13. O-O-O cxd4 14. Nxd4 Bxd4
15. exd4 Qf6 16. Kb1 Rfc8 17. Qd2 Kf8 18. f4 Nb6 19. g5 hxg5 20. fxg5 Qxd4 21.
g6 Nc4 22. Bxc4 Qxd2 23. Rxd2 dxc4 24. gxf7 Kxf7 25. h4 Bf5+ 26. Kc1 Bd3 27. h5
Kg8 28. h6 Rc6 29. hxg7 Kxg7 30. Rg1+ Rg6 31. Rxg6+ Kxg6 32. Rg2+ Kf6 33. b3
cxb3 34. axb3 Rh8 35. Rd2 Rh3 36. Kb2 Ke6 37. Rf2 b5 38. Ne2 Bxe2 39. Rxe2+ Kd6
40. Rg2 Kc5 41. Rg5+ Kb4 42. Rg4+ Ka5 43. Rg5 a6 44. Rf5 Re3 45. Rh5 Kb6 46.
Rh6+ Kc5 47. Rh5+ Kd4 48. Ka3 Re7 49. Rh4+ Kc5 50. Rh6 a5 51. Ra6 Re1 52. Ra8
b4+ 53. Kb2 Re2+ 54. Kb1 Kd4 55. Rc8 Re5 56. Kb2 Rc5 57. Rd8+ Ke5 58. Re8+ Kd6
59. Rd8+ Kc7 60. Rh8 Re5 61. Rh6 Re2+ 62. Kb1 Rd2 63. Ra6 Rd5 64. Kb2 1/2-1/2

[Event "Wch Juvenil 2013 sub-18 femenino"]
[Site "Al-Ain UAE"]
[Date "2014.12.26"]
[Round "9.24"]
[White "Serbanescu, Diana-Maria"]
[Black "Ruiz Olate, Emily Andrea"]
[Result "1/2-1/2"]
[WhiteElo "1989"]
[BlackElo "1851"]
[PlyCount "110"]
[EventDate "2013.12.19"]
[EventType "swiss"]
[EventRounds "11"]
[EventCountry "UAE"]
[Source "lmi"]
[SourceDate "2013.12.18"]

1. e4 e5 2. Nf3 Nc6 3. d4 exd4 4. Nxd4 Qh4 5. Nc3 Bb4 6. Ndb5 Qxe4+ 7. Be2 Kd8
8. O-O Bxc3 9. Nxc3 Qd4 10. Qe1 Nf6 11. Be3 Qe5 12. Rd1 Re8 13. Qd2 Ne4 14.
Nxe4 Qxe4 15. Bh5 g6 16. Bg5+ Ne7 17. Rfe1 Qf5 18. Bxe7+ Rxe7 19. Rxe7 Kxe7 20.
Qb4+ d6 21. Re1+ Kf8 22. Qc3 Be6 23. Qh8+ Ke7 24. Qxa8 gxh5 25. Qxb7 Qxc2 26.
Qxa7 Kd7 27. b3 Qd2 28. Rf1 Qg5 29. Qe3 Qa5 30. a4 h4 31. h3 Qb4 32. Rb1 Bf5
33. Rc1 Be6 34. Qc3 Qb7 35. a5 c5 36. Rb1 Qe4 37. Rd1 Bd5 38. f3 Qf5 39. a6 Ba8
40. a7 Qg5 41. Qh8 Bxf3 42. Qb2 Ba8 43. Qf2 f5 44. Qe2 Qg3 45. Re1 Bxg2 46.
Qe7+ Kc8 47. Qe8+ Kc7 48. Qe7+ Kc8 49. Qf8+ Kc7 50. Re7+ Kb6 51. Rg7 Qe1+ 52.
Kxg2 Qe2+ 53. Kg1 Qe1+ 54. Kh2 Qe5+ 55. Kh1 Qe1+ 1/2-1/2

[Event "Wch Juvenil 2013 sub-18 femenino"]
[Site "Al-Ain UAE"]
[Date "2014.12.27"]
[Round "10.16"]
[White "Lezhepekova, Veronika"]
[Black "Jaramillo Arce, Katherine"]
[Result "1-0"]
[WhiteElo "2121"]
[BlackElo "1850"]
[PlyCount "59"]
[EventDate "2013.12.19"]
[EventType "swiss"]
[EventRounds "11"]
[EventCountry "UAE"]
[Source "lmi"]
[SourceDate "2013.12.18"]

1. d4 Nf6 2. Nf3 g6 3. c4 Bg7 4. Nc3 d5 5. cxd5 Nxd5 6. e4 Nxc3 7. bxc3 c5 8.
Be3 O-O 9. Be2 Qa5 10. O-O Nc6 11. Rc1 Rd8 12. d5 Bxc3 13. Rxc3 Qxc3 14. Bd2
Qf6 15. dxc6 Qxc6 16. Qc2 b6 17. Ne5 Qd6 18. Bc3 Be6 19. f4 f6 20. Nc4 Qc6 21.
f5 Bf7 22. e5 g5 23. e6 Be8 24. Bf3 Qc7 25. Bxa8 Rxa8 26. Ne3 Rd8 27. Qb2 Rd3
28. Ng4 Qd6 29. Bxf6 Rd2 30. Nh6+ 1-0

[Event "Wch Juvenil 2013 sub-18 femenino"]
[Site "Al-Ain UAE"]
[Date "2014.12.28"]
[Round "11.10"]
[White "Klek, Hanna-Marie"]
[Black "Botez, Alexandra"]
[Result "1-0"]
[WhiteElo "2297"]
[BlackElo "2086"]
[PlyCount "75"]
[EventDate "2013.12.19"]
[EventType "swiss"]
[EventRounds "11"]
[EventCountry "UAE"]
[Source "lmi"]
[SourceDate "2013.12.18"]

1. e4 e6 2. d4 d5 3. Nc3 Nf6 4. Bg5 Bb4 5. e5 h6 6. Bc1 Ne4 7. Qg4 g6 8. Nge2
Nxc3 9. Nxc3 c5 10. a3 Bxc3+ 11. bxc3 Nc6 12. dxc5 Nxe5 13. Qd4 Qf6 14. Bb5+
Kf8 15. Bf4 Nd7 16. Qxf6 Nxf6 17. Bd6+ Kg7 18. Be5 a6 19. Bd3 Bd7 20. h4 Bc6
21. Rh3 d4 22. cxd4 h5 23. f3 Rad8 24. c4 Rde8 25. Kd2 Rd8 26. Ke3 Rd7 27. Bf1
Re8 28. g4 Ba4 29. g5 Kh7 30. gxf6 Rc8 31. Rb1 Bc6 32. Rh2 Kh6 33. Bd3 Ba4 34.
Be4 b5 35. c6 Rdd8 36. d5 exd5 37. cxd5 Re8 38. f4 1-0

[Event "Wch Juvenil 2013 sub-18 femenino"]
[Site "Al-Ain UAE"]
[Date "2014.12.28"]
[Round "11.26"]
[White "Jaramillo Arce, Katherine"]
[Black "Leonardi, Caterina"]
[Result "0-1"]
[WhiteElo "1850"]
[BlackElo "1939"]
[PlyCount "64"]
[EventDate "2013.12.19"]
[EventType "swiss"]
[EventRounds "11"]
[EventCountry "UAE"]
[Source "lmi"]
[SourceDate "2013.12.18"]

1. d4 d5 2. Nf3 Nf6 3. c4 c6 4. Nc3 a6 5. c5 Bf5 6. Qb3 Qc7 7. Bg5 Nbd7 8. e3
e6 9. Bf4 Qc8 10. h3 Be7 11. Be2 O-O 12. g4 Bg6 13. Rg1 Ne4 14. h4 Nxc3 15.
bxc3 e5 16. Bg3 b6 17. h5 Be4 18. cxb6 Rb8 19. Nxe5 Rxb6 20. Qd1 Nxe5 21. Bxe5
Rb2 22. g5 f6 23. gxf6 Bxf6 24. Bd6 Rf7 25. Ba3 Rc2 26. Bg4 Qe8 27. Bd6 Bh4 28.
Bg3 Bxg3 29. Rxg3 Rcxf2 30. Be2 Qb8 31. Rg1 Qb2 32. Bxa6 Qxc3+ 0-1